000 01602cam a2200325 i 4500
001 225888
003 ARRUPE
005 20150127144138.0
008 840104c19701969enka b 000 0 eng d
020 _a034016963X (UK)
020 _z034090008X (USA)
035 _a(OCoLC)10398718
035 _a(OCoLC)ocm10398718
035 _a(CStRLIN)NYCG84-B315
035 _a(NNC)225888
040 _aNNC
_cNNC
090 _aQC71
_b.B66 1970
100 1 _aBorn, Max,
_d1882-1970.
_913706
245 1 0 _aPhysics in my generation:
_cMax Born.
_ba selection of papers
260 _aLondon :
_bEnglish Universities Press ;
_a[New York] :
_bSpringer-Verlag New York,
_c1970, c1969.
300 _avii, 172 p. :
_bill. ;
_c23 cm.
490 1 _aHeidelberg science library
500 _a"Longmans Springer-Verlag"--Spine.
504 _aIncludes bibliographies.
505 0 _aIntroduction to Einstein's theory of relativity (1921) -- Physical aspects of quantum mechanics -- On the meaning of physical theories -- Cause, purpose, and economy in natural laws -- Einsteins's statistical theories -- Physics in the last fifty years -- Is classical mechanics in fact deterministic? -- Astronomical recollections -- Statistical interpretaton of quantum mechanics -- Physics and relativity -- Development and essence of the atomic age -- A New Year's message -- Symbol and reality -- What is left to hope for? -- In memory of Einstein -- From the postscript to the Restless Universe (1951)
650 0 _aPhysics.
_92736
830 0 _aHeidelberg science library.
_913707
942 _2lcc
_cMONOGRAPH
999 _c121583
_d121583